000
00257 a2200109 4500
001
64792
082
_a
297.4THA
090
_c
38288
_d
38288
100
_a
Thanvi Mawlana Arshraf Ali
245
_a
Al Takshshuf an Muhimmat at-Tasawwuf
260
_b
Sang-e-Meel
942
_a
NUST-CAE
_k
297.4THA
999
_c
299865
_d
299865